<?xml version="1.0" encoding="UTF-8"?>
<record
    xmlns:xsi="http://www.w3.org/2001/XMLSchema-instance"
    xsi:schemaLocation="http://www.loc.gov/MARC21/slim http://www.loc.gov/standards/marcxml/schema/MARC21slim.xsd"
    xmlns="http://www.loc.gov/MARC21/slim">

  <leader>01262na  a2200325   4500</leader>
  <controlfield tag="001">22001</controlfield>
  <controlfield tag="003">MIRAKIL</controlfield>
  <controlfield tag="005">20181213155226.0</controlfield>
  <controlfield tag="008">170209b        tu            000 0      </controlfield>
  <datafield tag="040" ind1=" " ind2=" ">
    <subfield code="a">Milas</subfield>
    <subfield code="b">tur</subfield>
    <subfield code="c">TR-AnCHP</subfield>
  </datafield>
  <datafield tag="041" ind1=" " ind2=" ">
    <subfield code="a">tur</subfield>
  </datafield>
  <datafield tag="090" ind1=" " ind2=" ">
    <subfield code="a">SHP 3</subfield>
  </datafield>
  <datafield tag="100" ind1=" " ind2=" ">
    <subfield code="a">&#x130;n&#xF6;n&#xFC;, Erdal</subfield>
    <subfield code="c">Genel Ba&#x15F;kan&#x131; ve Ba&#x15F;bakan yard&#x131;mc&#x131;s&#x131;</subfield>
  </datafield>
  <datafield tag="222" ind1=" " ind2=" ">
    <subfield code="a">Erdal &#x130;n&#xF6;n&#xFC;'n&#xFC;n konu&#x15F;malar&#x131;</subfield>
  </datafield>
  <datafield tag="245" ind1=" " ind2=" ">
    <subfield code="a">Sosyaldemokrat Halk&#xE7;&#x131; Parti  Genel Ba&#x15F;kan&#x131; Erdal &#x130;n&#xF6;n&#xFC;'n&#xFC;n 3. Ola&#x11F;an Kurultay&#x131; A&#xE7;&#x131;&#x15F; Konu&#x15F;mas&#x131; (27-28 Temmuz 1991)</subfield>
    <subfield code="c">[Erdal &#x130;n&#xF6;n&#xFC;]</subfield>
  </datafield>
  <datafield tag="246" ind1=" " ind2=" ">
    <subfield code="a">3. Ola&#x11F;an Kurultay&#x131; A&#xE7;&#x131;&#x15F; Konu&#x15F;mas&#x131; </subfield>
  </datafield>
  <datafield tag="260" ind1=" " ind2=" ">
    <subfield code="a">Ankara</subfield>
    <subfield code="b">[SHP]</subfield>
    <subfield code="c">27-28 Temmuz 1991</subfield>
  </datafield>
  <datafield tag="300" ind1=" " ind2=" ">
    <subfield code="a">27 s.</subfield>
    <subfield code="c">27 sm.</subfield>
  </datafield>
  <datafield tag="440" ind1=" " ind2=" ">
    <subfield code="a">SHP yay&#x131;nlar&#x131;</subfield>
    <subfield code="p">S&#xF6;ylev ve deme&#xE7;ler</subfield>
  </datafield>
  <datafield tag="600" ind1=" " ind2=" ">
    <subfield code="a">&#x130;n&#xF6;n&#xFC;, Erdal</subfield>
    <subfield code="x">S&#xF6;ylev ve deme&#xE7;ler</subfield>
  </datafield>
  <datafield tag="600" ind1=" " ind2=" ">
    <subfield code="a">&#x130;n&#xF6;n&#xFC;, Erdal</subfield>
    <subfield code="c">Genel Ba&#x15F;kan&#x131; ve Ba&#x15F;bakan yard&#x131;mc&#x131;s&#x131;</subfield>
    <subfield code="x">Konu&#x15F;malar, 1991</subfield>
    <subfield code="y">Ola&#x11F;an Kurultay, 1991</subfield>
  </datafield>
  <datafield tag="610" ind1=" " ind2=" ">
    <subfield code="a">SHP</subfield>
    <subfield code="x">S&#xF6;ylev ve deme&#xE7;ler</subfield>
  </datafield>
  <datafield tag="650" ind1=" " ind2=" ">
    <subfield code="a">SHP Genel ba&#x15F;kanlar&#x131;</subfield>
    <subfield code="x">&#x130;n&#xF6;n&#xFC;, Erdal</subfield>
    <subfield code="y">Konu&#x15F;malar</subfield>
  </datafield>
  <datafield tag="657" ind1=" " ind2=" ">
    <subfield code="a">Erdal &#x130;n&#xF6;n&#xFC;n&#xFC;n konu&#x15F;malar&#x131;</subfield>
  </datafield>
  <datafield tag="710" ind1=" " ind2=" ">
    <subfield code="a">SHP</subfield>
  </datafield>
  <datafield tag="740" ind1=" " ind2=" ">
    <subfield code="a">SHP Genel ba&#x15F;kan&#x131; ve Ba&#x15F;bakan yard&#x131;mc&#x131;s&#x131; Erdal &#x130;n&#xF6;n&#xFC;'n&#xFC;n konu&#x15F;malar&#x131;</subfield>
  </datafield>
  <datafield tag="830" ind1=" " ind2=" ">
    <subfield code="a">SHP yay&#x131;nlar&#x131;</subfield>
  </datafield>
  <datafield tag="942" ind1=" " ind2=" ">
    <subfield code="2">dcc</subfield>
    <subfield code="c">BKS</subfield>
  </datafield>
  <datafield tag="952" ind1=" " ind2=" ">
    <subfield code="5">1</subfield>
    <subfield code="a">0001</subfield>
    <subfield code="b">0001</subfield>
    <subfield code="d">2017-02-09</subfield>
    <subfield code="e">2</subfield>
    <subfield code="f"> SHP</subfield>
    <subfield code="l">0</subfield>
    <subfield code="o">SHP 3</subfield>
    <subfield code="p">014073</subfield>
    <subfield code="r">2017-02-09 00:00:00</subfield>
    <subfield code="v">0.00</subfield>
    <subfield code="w">2017-02-09</subfield>
    <subfield code="y">BKS</subfield>
  </datafield>
  <datafield tag="999" ind1=" " ind2=" ">
    <subfield code="c">8858</subfield>
    <subfield code="d">8858</subfield>
  </datafield>
</record>
